| 000 | 00332nam a2200109Ia 4500 | ||
|---|---|---|---|
| 008 | 240129s9999 xx 000 0 und d | ||
| 100 | _aJOSHI, SHUBHAM | ||
| 245 | 0 | _aDESIGN OF NOVEL PROTOCOLS FOR TRUST MANAGEMENT IN MANET | |
| 260 |
_bMEWAR UNIVERSITY, CHITTORGARH _c2021 |
||
| 650 | _aComputer Science & Engineering | ||
| 942 | _cTHE | ||
| 999 |
_c218945 _d218945 |
||